Yoruba medicine
Αποθηκεύτηκε σε:
| Κύριος συγγραφέας: | |
|---|---|
| Μορφή: | Βιβλίο |
| Γλώσσα: | English |
| Δημοσίευση: |
Oxford :
Clarendon ,
1985
|
| Θέματα: | |
| Ετικέτες: |
Προσθήκη ετικέτας
Δεν υπάρχουν, Καταχωρήστε ετικέτα πρώτοι!
|
MARC
| LEADER | 00000cam a2200000 i 4500 | ||
|---|---|---|---|
| 001 | 1/86352 | ||
| 008 | 970505s1985 eng d | ||
| 020 | |a 0-19-823254-3 | ||
| 035 | |l 10006477 | ||
| 040 | |a GR-MY-UA |b gre |e aacr | ||
| 041 | 0 | |a eng | |
| 082 | 0 | |a 362.10422 | |
| 100 | 1 | |a Buckley, Anthony D. | |
| 245 | 1 | 0 | |a Yoruba medicine / |c Anthony D. Buckley |
| 260 | |a Oxford : |b Clarendon , |c 1985 | ||
| 300 | |a viii, 275 p.; |c 22 cm | ||
| 500 | |a Originally presented as the author's thesis (doctoral)--University of Birmingham, 1982 | ||
| 504 | |a Bibliography: p. [250]-264. Includes index | ||
| 650 | 0 | 0 | |a Yoruba (African people) |x Medicine. |
| 852 | |a INST |b LESVOS |e 19970505 |h 362.10422 BUC |p 005100011388 |q 005100011388 |t BK |y 0 | ||
| 909 | |a Λ |b 009443 | ||